Revista de derecho laboral 2013 - 1 : actualidad /

Guardado en:
Formato: Libro
Idioma:Spanish
Publicado: Santa Fe : Rubinzal - Culzoni, 2013.
Edición:1a. ed.
Materias:
Etiquetas: Agregar Etiqueta
Sin Etiquetas, Sea el primero en etiquetar este registro!
LEADER 00451nam a22001455a 4500
001 DER.der013956
008 190904s2013####ag#||||||||||||||#||spa||
005 20250603160801.0
245 1 0 |a Revista de derecho laboral 2013 - 1 :  |b actualidad /  |c dirigido por Daniel Machado. 
250 |a 1a. ed. 
260 |a Santa Fe :  |b Rubinzal - Culzoni,  |c 2013. 
300 |a 338 p. 
100 1 |a Machado, Daniel,  |e dir. 
650 7 |a DERECHO LABORAL 
859 |a DERECHO  |b BIB. DERECHO  |p 009142